LEADER 01140nam0 2200277 450 001 000034436 005 20220511145917.0 010 $a978-88-9357-357-3 100 $a20220511d2022----km-y0itay50------ba 101 0 $aita 102 $aIT 105 $aa-------001yy 200 1 $aOrganizzare la conoscenza: Digital Humanities e Web semantico$eun percorso tra archivi, biblioteche e musei$fFrancesca Tomasi 210 $aMilano$cEditrice Bibliografica$dc2022 215 $a183 p.$d21 cm 225 2 $aBiblioteconomia e scienza dell'informazione$v39 410 0$12001$aBiblioteconomia e scienza dell'informazione 500 10$aOrganizzare la conoscenza: digital humanities e web semantico$92835087 610 1 $aElaboratori elettronici$aImpiego nelle scienze umane 676 $a001.30285$v22$9Discipline umanistiche. Elanorazione dei dati applicazioni dell'elaboratore 700 1$aTomasi,$bFrancesca$0168473 801 0$aIT$bUNIPARTHENOPE$c20220511$gRICA$2UNIMARC 912 $a000034436 951 $a001-O/1$bs.i.$cNAVA1$d2022 996 $aOrganizzare la conoscenza: digital humanities e web semantico$92835087 997 $aUNIPARTHENOPE LEADER 01518nam0 22003131i 450 001 UON00430230 005 20231205104904.139 010 $a978-88-8443-492-0 100 $a20130923d2013 |0itac50 ba 101 $aita 102 $aIT 105 $a|||| 1|||| 200 1 $aUomo e animale$eidentitą in divenire$eincontri metamorfici in Fuglane di Tarjei Vesaas e in Gepardene di Finn Carling$fSara Culeddu 210 $aTrento$cUniversitą degli studi di Trento, Dipartimento di lettere e filosofia$d2013 215 $a212 p.$d22 cm. 316 $aDono Universitą degli studi di Trento$5IT-UONSI NorvI BVES CUL 410 1$1001UON00087935$12001 $aLabirinti$ecollana del Dipartimento di Scienze Filologiche e Storiche$fDirettore Fabrizio Cambi$v149 606 $aVESAAS TARJEI$xFuglane$xCritica$3UONC084587$2FI 606 $aCARLING FINN$xGepardene$xCritica$3UONC084588$2FI 620 $aIT$dTrento$3UONL000925 676 $a839.8237$cLetteratura narrativa norvegese (Bokmål, Riksmål). 1900-1999$v21 700 1$aCULEDDU$bSara$3UONV218287$0711709 712 $aUniversitą degli Studi di Trento$3UONV249027$4650 801 $aIT$bSOL$c20240220$gRICA 899 $aSIBA - SISTEMA BIBLIOTECARIO DI ATENEO$2UONSI 912 $aUON00430230 950 $aSIBA - SISTEMA BIBLIOTECARIO DI ATENEO$dSI Norv I B VES CUL $eSI 6634 7 Dono Universitą degli studi di Trento 996 $aUomo e animale$91335709 997 $aUNIOR